|
|
|
|
| LEADER |
00714nab a2200181 i 4500 |
| 001 |
misc6702 |
| 005 |
20191106144404.0 |
| 008 |
170607s1892 hu o 0|| hun d |
| 022 |
|
|
|a 0025-0260
|
| 040 |
|
|
|a SZTE Miscellanea Repozitórium
|b hun
|
| 041 |
|
|
|a hun
|
| 100 |
1 |
|
|a Dezső Lajos
|
| 245 |
1 |
0 |
|a Comenius Amos János emlékezete
|h [elektronikus dokumentum] /
|c Dezső Lajos
|
| 260 |
|
|
|c 1892
|
| 300 |
|
|
|a 129-142
|
| 490 |
0 |
|
|a Magyar pedagógia : a Magyar Tudományos Akadémia Pedagógiai Bizottságának folyóirata
|v 1
|
| 695 |
|
|
|a Comenius, Johannes Amos, Oktatásügy története, Neveléstörténet, Comenius, Johannes Amos
|
| 856 |
4 |
0 |
|u http://misc.bibl.u-szeged.hu/6702/1/mp_1892_0012_129-142.pdf
|z Dokumentum-elérés
|